Регионална библиотека "Любен Каравелов" - Русе

Снегоград (Запис номер 350350)

MARC детайли
000 -Лидер
Контролно поле с фиксирана дължина 01024nam a2200277 a 4500
003 - Код на организацията, давaща контролен номер
Контролно поле BLK
005 - Дата и час на последна редакция
Контролно поле 20250710104600.0
008 - Елементи от данни с фиксирана дължина
fixed length control field 230320b bu |||||r|||| 00| | bu d
020 ## - Международен стандартен номер на книга ISBN
Международен стандартен номер на книга ISBN 9786199231807
040 ## - Източник на каталожния запис
Идентификатор на билиотеката - собственик на записа BLK
041 ## - Код за език
Код за езика на текст/звукозапис или на отделно заглавие Български
Код за езика КДБФ Български
080 ## - УДК
Текстов определител УДК Българска литература
УДК код - определител по УДК 821.163.2
УДК определител -93-1
УДК - код + определител 821.163.2-93-1
100 ## - Редна дума - Автор
R(LIN) 289222
Автор Дългъчева, Мая Георгиева
139 ## - Редно поле
Редна дума Дългъчева, Мая Георгиева
245 ## - Сведения за заглавието
Заглавие Снегоград
Редно поле (дума) Мая Дългъчева ; нарис. Невена Ангелова
257 ## - Страна на издаване
Страна на създаване/издаване България
260 ## - Област на издателските данни
9 (RLIN) 486533
Място на издаване, разпространение и проч. Пловдив
Име на издателя, разпространителя и проч. Поляна
Година на издаване 2022
Печатница (Костинброд : Мултипринт)
300 ## - Физическа характеристика
Страници [64] с. : с цв. ил.
Размери/Мащаб 29 см
380 ## - Жанр
Жанр Детска худож. лит.
700 ## - Други автори (авторска отговорност)
9 (RLIN) 385678
Лично име Ангелова, Невена Христова
852 ## - Местоположение
Форматна сигнатура Цб ІІ 31657
Фондова буква Хранилище
852 ## - Местоположение
Форматна сигнатура 821.163.2-93/Д 95 М
Фондова буква Детски отдел
942 ## - АРТИКУЛИ
Вид на библиотечния материал Книги
Скрит в OPAC Не
Периодичен библиозапис Да
Koha issues (borrowed), all copies 11
944 ## - СЪЗДАВАНЕ И РЕДАКЦИЯ на ЗАПИСА
Създаване/Редакция Създаване
Дата на регистрацията/редакция 2023-03-20
Служител, извършил регистрацията/редакцията 30551
Статус, дата на статуса Бояна Костадинова
999 ## - СИСТЕМНИ КОНТРОЛНИ НОМЕРА
Koha biblionumber 350350
Koha biblioitemnumber 350350
999 ## - СИСТЕМНИ КОНТРОЛНИ НОМЕРА
Koha biblioitemnumber 350350
Наличности
Код за отписване Код за изгубен артикул Източник на класификационната схема Код за повреда Коз за рестрикции Код за отдаване Артикулен № Име на библиотеката - собственик Име на библиотеката, в която се намира в момента Статус (Текущо местоположение) Дата на вписване в системата Местоположение - отдел Цена в лева Инвентарен номер Систематично азбучна сигнатура Баркод Цена в евро Служебен тип на артикула
  Не е изгубен Universal Decimal Classification Не е повреден само за читалня ползва се в читалня 924127 Регионална библиотека "Любен Каравелов" Русе Регионална библиотека "Любен Каравелов" Русе Хранилище 2023-03-20 Хранилище 24.00 120000883406 Цб ІІ 31657 120000883406 12.27 Книги
  Не е изгубен Universal Decimal Classification Не е повреден   заемане за дома 939663 Регионална библиотека "Любен Каравелов" Русе Регионална библиотека "Любен Каравелов" Русе Детски отдел 2024-01-22 Детски отдел 19.20 120000898704 821.163.2-93/Д 95 М 120000898704 9.82 Книги
  Не е изгубен Universal Decimal Classification Не е повреден   заемане за дома 939664 Регионална библиотека "Любен Каравелов" Русе Регионална библиотека "Любен Каравелов" Русе Детски отдел 2024-01-22 Детски отдел 19.20 120000898703 821.163.2-93/Д 95 М 120000898703 9.82 Книги
Vip Innovations Ltd, Rousse, Bulgaria 2025